| Tag |
First Indicator |
Second Indicator |
Subfields |
| LEADER |
00000cem a2200000Ia 4500 |
| 001 |
in00002393721 |
| 005 |
20151109065943.0 |
| 007 |
aj canzn |
| 008 |
080326s2007 vauag cc a f 1 eng d |
| 020 |
|
|
|a 9781411320840
|
| 020 |
|
|
|a 1411320840
|
| 034 |
1 |
|
|a a
|b 100000
|d W1080000
|e W1070000
|f N0483000
|g N0480000
|
| 035 |
|
|
|a (OCoLC)ocn214110604
|
| 040 |
|
|
|a GPO
|c GPO
|d MvI
|d UtOrBLW
|
| 043 |
|
|
|a n-us-mt
|
| 049 |
|
|
|a UDOC
|
| 052 |
|
|
|a 4251
|
| 074 |
|
|
|a 0619-G-16
|
| 086 |
0 |
|
|a I 53.11/4-2:48107-A 1-TM-100/2007
|
| 110 |
1 |
|
|a United States.
|b Bureau of Land Management.
|
| 245 |
1 |
0 |
|a Montana :
|b Malta : 1:100,000-scale topographic map : 30 x 60 minute series (topographic) /
|c edited and published by the Bureau of Land Management Operations Center in cooperation with the Bureau ... Montana State Office.
|
| 246 |
1 |
|
|i Filing title:
|a Malta, Montana
|
| 250 |
|
|
|a BLM, 2007.
|
| 255 |
|
|
|a Scale 1:100,000. 1 cm. on the map represents 1 km. on the ground ;
|b Lambert conformal conic proj.
|c (W 108⁰00ʹ--W 107⁰00ʹ/N 48⁰30ʹ--N 48⁰00ʹ).
|
| 264 |
|
1 |
|a Reston, Va. :
|b U.S. Dept. of Interior, Bureau of Land Management ;
|a Denver, CO :
|b U.S. Geological Survey,
|c 2007.
|
| 264 |
|
2 |
|a Billings, MT :
|b For sale by BLM Montana State Office ;
|
| 300 |
|
|
|a 1 map :
|b color ;
|c 56 x 76 cm.
|
| 336 |
|
|
|a cartographic image
|b cri
|2 rdacontent
|
| 337 |
|
|
|a unmediated
|b n
|2 rdamedia
|
| 338 |
|
|
|a sheet
|b nb
|2 rdacarrier
|
| 490 |
1 |
|
|a Minerals management status, surface management status
|
| 500 |
|
|
|a Relief shown by contours and spot heights.
|
| 500 |
|
|
|a Shows minerals owned by the Federal Government, and township and range lines.
|
| 500 |
|
|
|a USGS base map dated 1984.
|
| 500 |
|
|
|a Includes township diagram, quadrangle location map and indexes to adjoining maps and to 1:24,000-scale maps.
|
| 500 |
|
|
|a Designed to be folded to 23 x 11 cm.
|
| 500 |
|
|
|a Cartographic material.
|
| 650 |
|
0 |
|a Mines and mineral resources
|z Montana
|v Maps.
|
| 650 |
|
0 |
|a Land use, Rural
|z Montana
|v Maps.
|
| 651 |
|
0 |
|a Montana
|v Maps.
|
| 710 |
2 |
|
|a National Operations Center (U.S.)
|
| 710 |
1 |
|
|a United States.
|b Bureau of Land Management.
|b Montana State Office.
|
| 710 |
2 |
|
|a Geological Survey (U.S.)
|
| 810 |
1 |
|
|a United States.
|b Bureau of Land Management.
|t Surface-minerals management status.
|
| 999 |
|
|
|a MARS
|
| 999 |
f |
f |
|s ddc7eba2-2e45-339e-8705-0ca4419a4a1f
|i ffb7f3c6-4a41-3bf6-8d6c-9224a71247b5
|t 0
|
| 952 |
f |
f |
|a Texas A&M University
|b College Station
|c Sterling C. Evans Library
|d Evans: Maps (2nd floor)
|t 0
|e G3701.G5 s100 .U5 Malta, MT (MM) 2007
|h Superintendent of Documents classification
|
| 998 |
f |
f |
|a G3701.G5 s100 .U5 Malta, MT (MM) 2007
|t 0
|l Evans: Maps (2nd floor)
|